Guess Ive MV From Screenshots - Statistics

General Stats
  • This quiz has been taken 37 times
  • The average score is 13 of 17
Answer Stats
Picture Answer % Correct
Baddie
91%
Love Dive
91%
After Like
88%
I AM
88%
Accendio
84%
WAVE
84%
HEYA
81%
Kitsch
81%
Eleven
75%
Either Way
72%
Supernova Love (with David Guetta)
72%
Off The Record
69%
Rebel Heart
69%
All Night (with Saweetie)
59%
Crush
56%
I WANT
56%
Summer Festa
56%
No matching quizzes found
Score Distribution
Percent of People with Each Score
Percentile by Number Answered
Your Score History
You have not taken this quiz